| 000 -LEADER | |
|---|---|
| fixed length control field | 00338nam a22001457a 4500 |
| 005 - DATE AND TIME OF LATEST TRANSACTION | |
| control field | 20231103123945.0 |
| 008 - FIXED-LENGTH DATA ELEMENTS--GENERAL INFORMATION | |
| fixed length control field | 231103b |||||||| |||| 00| 0 eng d |
| 041 ## - LANGUAGE CODE | |
| Language code of text/sound track or separate title | eng |
| 082 ## - DEWEY DECIMAL CLASSIFICATION NUMBER | |
| Classification number | 622.14 |
| 100 ## - MAIN ENTRY--AUTHOR NAME | |
| Personal name | UNIVERSAL MINING SCHOOL |
| 245 ## - TITLE STATEMENT | |
| Title | MINE SURVEYING [VOL-3] |
| 260 ## - PUBLICATION, DISTRIBUTION, ETC. (IMPRINT) | |
| Place of publication | GT.BRITAIN |
| Name of publisher | U.M.S |
| 300 ## - PHYSICAL DESCRIPTION | |
| Number of Pages | 553;p |
| 942 ## - ADDED ENTRY ELEMENTS (KOHA) | |
| Koha item type | Books |
| Lost status | Damaged status | Collection code | Home library | Current library | Shelving location | Date acquired | Source of acquisition | Cost, normal purchase price | Full call number | Accession Number | Koha item type |
|---|---|---|---|---|---|---|---|---|---|---|---|
| MINING | JRU Library | JRU Library | SHELF-94-C | 03/11/2023 | PURCHASE [LBI/000225/29-10-2023] | 3000.00 | 622.14 | 28042 | Books | ||
| MINING | JRU Library | JRU Library | SHELF-94-C | 03/11/2023 | PURCHASE [LBI/000225/29-10-2023] | 3000.00 | 622.14 | 28043 | Books | ||
| MINING | JRU Library | JRU Library | SHELF-94-C | 03/11/2023 | PURCHASE [LBI/000225/29-10-2023] | 3000.00 | 622.14 | 28044 | Books |